000 00683nam a2200289Ia 4500
005 20260324144912.0
008 008 260324s9999 xx 000 0 eng d
020 _a9780429046353
037 _aEBOOK
040 _aCRL
040 _beng
040 _cCRL
041 _2eng
041 _aeng
084 _qCRL
100 _aRobert S. Ozaki
_91221030
245 0 _aJapan's Foreign Relations
245 2 _bA Global Search For Economic Security
260 _bTaylor and Francis
260 _c1985
365 _a
365 _b230
856 _uhttp://www.taylorfrancis.com/books/9780429046353
942 _cEBOOK
999 _c1828230
_d1828230